[Event "Regionalliga SW 1617"]
[Site "Bayern"]
[Date "2017.03.19"]
[Round "7.1"]
[White "Andersen, Jens Knud"]
[Black "Wood, Christopher Baruch"]
[Result "1-0"]
[WhiteElo "2158"]
[BlackElo "2102"]
[PlyCount "143"]
[EventDate "2016.10.16"]
[EventType "team-tourn"]
[EventRounds "9"]
[EventCountry "GER"]
[SourceTitle "EXT 2019"]
[Source "ChessBase"]
[SourceDate "2018.10.10"]
[SourceVersion "1"]
[SourceVersionDate "2018.10.10"]
[SourceQuality "1"]
[WhiteTeam "Mering"]
[BlackTeam "Muenchen Suedost II"]
[WhiteTeamCountry "GER"]
[BlackTeamCountry "GER"]

1. c4 Nf6 2. Nc3 e6 3. Nf3 d5 4. e3 c6 5. b3 Nbd7 6. Bb2 Bd6 7. d4 0-0 8. Qc2 Re8 9. Be2 b6 10. 0-0 Bb7 11. Rfd1 Rc8 12. Rac1 Qe7 13. g3 a6 14. Bf1 dxc4 15. bxc4 c5 16. d5 exd5 17. Nxd5 Nxd5 18. cxd5 Ne5 19. Bg2 Nxf3+ 20. Bxf3 Rcd8 21. a4 Be5 22. Bxe5 Qxe5 23. Qb3 Rd6 24. a5 Rc8 25. axb6 Qf6 26. Bg4 Rxb6 27. Qa3 Rb2 28. f4 Rd8 29. e4 Rb4 30. Bf3 Qb6 31. Qe3 Rb3 32. Qf2 Rb2 33. Qxc5 Qb3 34. Rc3 Qa4 35. Ra3 Qd7 36. Qd4 Qb5 37. Qd3 Qc5+ 38. Qe3 Qc2 39. Kf1 Qxh2 40. Qg1 Qc2 41. Qg2 Qc4+ 42. Be2 Qc5 43. Rad3 a5 44. Qf2 Qb4 45. Qd4 Qxd4 46. Rxd4 Rb6 47. Ra1 Ba6 48. Rxa5 Bxe2+ 49. Kxe2 f6 50. Ke3 Kf8 51. g4 Rb1 52. Rda4 Re8 53. g5 Kf7 54. gxf6 gxf6 55. Ra7+ Kg6 56. f5+ Kh6 57. Rf7 Re1+ 58. Kd3 Rd1+ 59. Kc2 Re1 60. Rxf6+ Kg5 61. Re6 Rc8+ 62. Kd2 Rh1 63. Kd3 Kf4 64. Rc6 Rg8 65. f6 Re1 66. f7 Re3+ 67. Kc2 Rg2+ 68. Kb1 Rb3+ 69. Kc1 Rb8 70. Rf6+ Ke5 71. Rf5+ Kd6 72. f8Q+ 1-0

[Event "Oberliga Bayern 1516"]
[Site "Bayern"]
[Date "2015.10.11"]
[Round "1.6"]
[White "Wood, Christopher Baruch"]
[Black "Brumm, Carsten"]
[Result "1/2-1/2"]
[WhiteElo "2102"]
[BlackElo "2142"]
[PlyCount "50"]
[EventDate "2015.10.11"]
[EventType "team-tourn"]
[EventRounds "9"]
[EventCountry "GER"]
[SourceTitle "EXT 2018"]
[Source "ChessBase"]
[SourceDate "2017.10.13"]
[SourceVersion "1"]
[SourceVersionDate "2017.10.13"]
[SourceQuality "1"]
[WhiteTeam "Muenchen Suedost"]
[BlackTeam "Erlangen SC"]
[WhiteTeamCountry "GER"]
[BlackTeamCountry "GER"]

1. e4 c5 2. Nf3 d6 3. d4 cxd4 4. Nxd4 Nf6 5. Nc3 a6 6. Bg5 e6 7. f4 Be7 8. Qf3 Qc7 9. 0-0-0 Nbd7 10. Bd3 b5 11. Rhe1 Bb7 12. Qh3 0-0-0 13. Bxb5 axb5 14. Ndxb5 Qb6 15. e5 dxe5 16. fxe5 Nxe5 17. Rxe5 Rxd1+ 18. Nxd1 Rd8 19. Be3 Qa6 20. Ndc3 Nd5 21. Ba7 Bb4 22. Qg4 Bxc3 23. Qc4+ Qc6 24. Qxc6+ Bxc6 25. Nxc3 Nxc3 1/2-1/2

[Event "Landesliga Sued 1213"]
[Site "Bayern"]
[Date "2013.04.14"]
[Round "9.3"]
[White "Ager, Josef"]
[Black "Wood, Christopher Baruch"]
[Result "1-0"]
[WhiteElo "2121"]
[BlackElo "2130"]
[PlyCount "123"]
[EventDate "2012.10.14"]
[EventType "team-tourn"]
[EventRounds "9"]
[EventCountry "GER"]
[SourceTitle "EXT 2015"]
[Source "ChessBase"]
[SourceDate "2014.11.20"]
[SourceVersion "1"]
[SourceVersionDate "2014.11.20"]
[SourceQuality "1"]
[WhiteTeam "Rottal"]
[BlackTeam "Muenchen Suedost"]
[WhiteTeamCountry "GER"]
[BlackTeamCountry "GER"]

1. Nf3 Nf6 2. g3 d5 3. Bg2 c5 4. 0-0 Nc6 5. d4 e6 6. c4 dxc4 7. Qa4 Bd7 8. Qxc4 cxd4 9. Nxd4 Rc8 10. Nc3 Nxd4 11. Qxd4 Bc5 12. Qh4 Bc6 13. Bg5 Be7 14. Rad1 Qa5 15. Bxc6+ Rxc6 16. Ne4 Qe5 17. Nxf6+ Bxf6 18. Bxf6 Qxf6 19. Qb4 Qe7 20. Qd4 0-0 21. Qxa7 Ra6 22. Qe3 Rxa2 23. Qb3 Raa8 24. Rd4 Rfd8 25. Rfd1 Rxd4 26. Rxd4 Rc8 27. Qd3 Qc7 28. Rd7 Qc1+ 29. Kg2 Qc6+ 30. f3 g6 31. Qd4 e5 32. Qd3 Kg7 33. b4 Rc7 34. Rd5 Qe6 35. Qe4 f6 36. Qd3 Qc6 37. Rd6 Qc2 38. Rd7+ Kh6 39. Qxc2 Rxc2 40. Kf2 b5 41. Rd5 Kg5 42. Rxb5 h5 43. f4+ Kf5 44. fxe5 fxe5 45. Rb8 Rb2 46. b5 h4 47. gxh4 Kg4 48. b6 Kxh4 49. Kf3 e4+ 50. Ke3 Kh3 51. b7 Kg2 52. h4 Kg3 53. Kxe4 Kg2 54. e3 Rb4+ 55. Kd5 Kg3 56. Kc6 Rc4+ 57. Kb5 Rc3 58. Re8 Kf3 59. b8Q Rb3+ 60. Kc4 Rxb8 61. Rxb8 Kxe3 62. Rg8 1-0

[Event "Regionalliga SW 1112"]
[Site "Bayern"]
[Date "2012.04.15"]
[Round "9.3"]
[White "Wood, Christopher Baruch"]
[Black "Josch, Sylvio"]
[Result "1-0"]
[WhiteElo "2163"]
[BlackElo "2102"]
[PlyCount "115"]
[EventDate "2011.10.02"]
[EventType "team-tourn"]
[EventRounds "9"]
[EventCountry "GER"]
[SourceTitle "EXT 2015"]
[Source "ChessBase"]
[SourceDate "2014.11.20"]
[SourceVersion "1"]
[SourceVersionDate "2014.11.20"]
[SourceQuality "1"]
[WhiteTeam "Muenchen Suedost"]
[BlackTeam "Muenchen RTA"]
[WhiteTeamCountry "GER"]
[BlackTeamCountry "GER"]

1. d4 d5 2. Nf3 Nf6 3. c3 e6 4. Bg5 h6 5. Bh4 c5 6. Nbd2 cxd4 7. cxd4 Nc6 8. e3 Bd7 9. Be2 Be7 10. 0-0 0-0 11. a3 Ne8 12. Bxe7 Qxe7 13. b4 Nd6 14. Qb3 Rfc8 15. Qb2 b5 16. Nb3 Nc4 17. Qc3 Rcb8 18. Nc5 a5 19. Rfb1 a4 20. Re1 Re8 21. Rad1 Rad8 22. Bd3 Bc8 23. Bc2 Qf6 24. e4 g6 25. e5 Qg7 26. Bd3 Ne7 27. Nd2 Rf8 28. Qa1 Kh8 29. h3 Rg8 30. Qc3 Rdf8 31. Bf1 f5 32. g3 g5 33. Bg2 f4 34. g4 Rf7 35. Bf3 Ng6 36. Nxc4 bxc4 37. Nxa4 Nh4 38. Nc5 h5 39. Kf1 Qh6 40. Ke2 Rh7 41. gxh5 Bd7 42. Bg4 Re7 43. a4 Be8 44. a5 Bxh5 45. a6 Rf8 46. b5 f3+ 47. Kd2 Ng2 48. b6 Nxe1 49. Rxe1 Bxg4 50. hxg4 Qh4 51. Qe3 Qxg4 52. b7 Rc7 53. a7 Rxc5 54. b8Q Rcc8 55. Qb7 Qf5 56. Rh1+ Kg8 57. Rh5 c3+ 58. Kc1 1-0

[Event "Regionalliga SW 1112"]
[Site "Bayern"]
[Date "2011.11.20"]
[Round "3.3"]
[White "Wood, Christopher Baruch"]
[Black "Amelang, Thomas"]
[Result "1/2-1/2"]
[WhiteElo "2163"]
[BlackElo "2050"]
[PlyCount "68"]
[EventDate "2011.10.02"]
[EventType "team-tourn"]
[EventRounds "9"]
[EventCountry "GER"]
[SourceTitle "EXT 2013"]
[Source "ChessBase"]
[SourceDate "2012.11.22"]
[SourceVersion "1"]
[SourceVersionDate "2012.11.22"]
[SourceQuality "1"]
[WhiteTeam "Muenchen Suedost"]
[BlackTeam "Muenchen Siemens"]
[WhiteTeamCountry "GER"]
[BlackTeamCountry "GER"]

1. e4 d6 2. d4 Nf6 3. Bd3 e5 4. c3 d5 5. dxe5 Nxe4 6. Nf3 Nc5 7. Bc2 Nc6 8. b4 Ne6 9. 0-0 Ne7 10. Nbd2 b6 11. Nb3 c5 12. bxc5 bxc5 13. Ng5 Nc6 14. Nxe6 Bxe6 15. f4 g6 16. f5 gxf5 17. Bxf5 Qh4 18. Bxe6 fxe6 19. Rf4 Qe7 20. Qh5+ Kd8 21. Ba3 Qe8 22. Qxe8+ Kxe8 23. Bxc5 Bxc5+ 24. Nxc5 Nd8 25. Rb1 Rf8 26. Rxf8+ Kxf8 27. Kf2 Rc8 28. Rb8 Rxc5 29. Rxd8+ Kf7 30. Rd7+ Kg6 31. Rxa7 Rxc3 32. Re7 Kf5 33. Rxh7 Rc2+ 34. Kf3 Rc3+ 1/2-1/2

[Event "IECC TH-S-0369"]
[Site "IECC email"]
[Date "2011.01.30"]
[Round "?"]
[White "Wood, Christopher Baruch"]
[Black "Philips, Justin"]
[Result "0-1"]
[WhiteElo "1481"]
[BlackElo "1466"]
[PlyCount "48"]
[EventDate "2011.??.??"]
[EventType "match (corr)"]
[SourceTitle "Corr 2013"]
[Source "ChessBase"]
[SourceDate "2012.11.12"]
[SourceVersion "1"]
[SourceVersionDate "2012.11.12"]
[SourceQuality "1"]
[WhiteTeam "Canada"]
[BlackTeam "India"]
[WhiteTeamCountry "CAN"]
[BlackTeamCountry "IND"]

1. e4 e5 2. Nf3 Nc6 3. Bb5 a6 4. Ba4 Nf6 5. 0-0 Be7 6. Re1 b5 7. Bb3 0-0 8. c3 d5 9. exd5 Nxd5 10. Nxe5 Nxe5 11. Rxe5 c6 12. Bxd5 cxd5 13. d4 Bd6 14. Re1 Qc7 15. g3 Bf5 16. f4 a5 17. a4 Rfe8 18. Rxe8+ Rxe8 19. axb5 Qd7 20. b4 axb4 21. cxb4 Qxb5 22. Bd2 Qd3 23. Nc3 Qxd4+ 24. Kg2 Bxb4 0-1

[Event "Regionalliga SW 1011"]
[Site "Bayern"]
[Date "2010.12.12"]
[Round "4.3"]
[White "Fantino, Rene"]
[Black "Wood, Christopher Baruch"]
[Result "0-1"]
[WhiteElo "2026"]
[BlackElo "2169"]
[PlyCount "74"]
[EventDate "2010.10.10"]
[EventType "team-tourn"]
[EventRounds "9"]
[EventCountry "GER"]
[SourceTitle "EXT 2012"]
[Source "ChessBase"]
[SourceDate "2011.11.24"]
[SourceVersion "1"]
[SourceVersionDate "2011.11.24"]
[SourceQuality "1"]
[WhiteTeam "Muenchen Schwabing"]
[BlackTeam "Muenchen Suedost"]
[WhiteTeamCountry "GER"]
[BlackTeamCountry "GER"]

1. d4 d5 2. c4 c6 3. e3 Nf6 4. Nc3 e6 5. Nf3 Nbd7 6. Qc2 Bd6 7. Bd3 dxc4 8. Bxc4 0-0 9. 0-0 e5 10. e4 exd4 11. Nxd4 Nb6 12. Nce2 Nxc4 13. Qxc4 Nxe4 14. Nxc6 bxc6 15. Qxe4 Ba6 16. Qc2 Bd3 17. Qd1 Re8 18. Be3 Qh4 19. g3 Qc4 20. Re1 Bb4 21. Nc3 Bxc3 22. bxc3 a6 23. Qb3 Qg4 24. Qb4 Qh3 25. Bf4 Be2 26. f3 Bxf3 27. Qb2 h6 28. Qf2 Bd5 29. a4 Qf5 30. Bd6 Qd3 31. Be5 Re6 32. Rad1 Qg6 33. Bd4 Rae8 34. Rxe6 Rxe6 35. Rf1 Re4 36. a5 Rg4 37. Qf5 Rxg3+ 0-1

[Event "Landesliga Sued 0910"]
[Site "Bayern"]
[Date "2010.04.11"]
[Round "9.3"]
[White "Bintakies, Michael"]
[Black "Wood, Christopher Baruch"]
[Result "1/2-1/2"]
[WhiteElo "2162"]
[BlackElo "2169"]
[PlyCount "94"]
[EventDate "2009.10.18"]
[EventType "team-tourn"]
[EventRounds "9"]
[EventCountry "GER"]
[SourceTitle "EXT 2011"]
[Source "ChessBase"]
[SourceDate "2010.11.26"]
[SourceVersion "1"]
[SourceVersionDate "2010.11.26"]
[SourceQuality "1"]
[WhiteTeam "Kriegshaber"]
[BlackTeam "Muenchen Tarrasch II"]
[WhiteTeamCountry "GER"]
[BlackTeamCountry "GER"]

1. f4 d5 2. Nf3 Nf6 3. e3 g6 4. b4 Bg7 5. Bb2 a5 6. b5 c5 7. bxc6 bxc6 8. c4 0-0 9. Na3 Na6 10. Be2 Nb4 11. 0-0 Ba6 12. cxd5 Nd3 13. Bc3 Qxd5 14. Nc2 c5 15. Nce1 c4 16. Ng5 Rab8 17. Nxd3 cxd3 18. Bf3 Qd7 19. Qc1 Qa4 20. Qd1 Qd7 21. Qc1 h6 22. Nh3 Qa4 23. Nf2 Rfc8 24. Rb1 Nd7 25. Nd1 Qxa2 26. Ra1 Qc2 27. Qa3 Bxc3 28. dxc3 Rc5 29. Rf2 Qb3 30. Qc1 Qc4 31. Rfa2 Bb7 32. Bxb7 Rxb7 33. Rxa5 Rxa5 34. Rxa5 Qb3 35. Qd2 Nc5 36. Ra2 Ne4 37. Ra8+ Kh7 38. Qxd3 Nd6 39. h3 Rb5 40. e4 Rb7 41. Ne3 Qb1+ 42. Qxb1 Rxb1+ 43. Kf2 Nxe4+ 44. Kf3 Nxc3 45. Ra7 Rb3 46. Rxe7 Nd5 47. Re5 Nxe3 1/2-1/2

[Event "Landesliga Sued 0910"]
[Site "Bayern"]
[Date "2010.03.21"]
[Round "8.3"]
[White "Wood, Christopher Baruch"]
[Black "Pilz, Dieter"]
[Result "1/2-1/2"]
[WhiteElo "2169"]
[BlackElo "2221"]
[PlyCount "88"]
[EventDate "2009.10.18"]
[EventType "team-tourn"]
[EventRounds "9"]
[EventCountry "GER"]
[SourceTitle "EXT 2011"]
[Source "ChessBase"]
[SourceDate "2010.11.26"]
[SourceVersion "1"]
[SourceVersionDate "2010.11.26"]
[SourceQuality "1"]
[WhiteTeam "Muenchen Tarrasch II"]
[BlackTeam "Weilheim"]
[WhiteTeamCountry "GER"]
[BlackTeamCountry "GER"]

1. e4 e5 2. Nf3 Nc6 3. Bb5 Nf6 4. d4 exd4 5. 0-0 Be7 6. Re1 a6 7. Bxc6 dxc6 8. Qxd4 0-0 9. Qxd8 Bxd8 10. h3 Re8 11. Nc3 h6 12. Bf4 b5 13. Rad1 Bb7 14. a3 a5 15. Rd4 c5 16. Rdd1 b4 17. Nd5 Rxe4 18. Rxe4 Nxe4 19. Nxc7 Rc8 20. Nd5 Nf6 21. Ne3 Nh5 22. Bd6 Bf6 23. Nd5 Bxd5 24. Rxd5 Rd8 25. Rxh5 Rxd6 26. Rxc5 Bxb2 27. axb4 axb4 28. Ne5 Rd1+ 29. Kh2 f6 30. Nd3 Bc3 31. Rc4 Rd2 32. Nxb4 Be5+ 33. f4 Bd6 34. Nd3 Kf7 35. Rd4 Ke7 36. c4 g5 37. Rd5 gxf4 38. Kg1 Ke6 39. Nc5+ Bxc5+ 40. Rxc5 Rc2 41. Kf1 h5 42. Rxh5 Rxc4 43. Kf2 Rc3 44. Ra5 Rb3 1/2-1/2

[Event "Oberliga Bayern 0708"]
[Site "Bayern"]
[Date "2008.04.20"]
[Round "9.7"]
[White "Doeres, Hans Juergen"]
[Black "Wood, Christopher Baruch"]
[Result "1-0"]
[WhiteElo "2207"]
[BlackElo "2186"]
[PlyCount "57"]
[EventDate "2007.10.21"]
[EventType "team-tourn"]
[EventRounds "9"]
[EventCountry "GER"]
[SourceTitle "EXT 2009"]
[Source "ChessBase"]
[SourceDate "2008.11.26"]
[SourceVersion "1"]
[SourceVersionDate "2008.11.26"]
[SourceQuality "1"]
[WhiteTeam "Forchheim"]
[BlackTeam "Muenchen Tarrasch"]
[WhiteTeamCountry "GER"]
[BlackTeamCountry "GER"]

1. g3 d5 2. Bg2 Nf6 3. Nf3 c6 4. 0-0 Bf5 5. d3 h6 6. Nbd2 e6 7. Qe1 Be7 8. e4 Bh7 9. Qe2 0-0 10. Ne1 dxe4 11. dxe4 Nbd7 12. e5 Nd5 13. c4 Nb4 14. a3 Nc2 15. Nxc2 Bxc2 16. Ne4 Bxe4 17. Qxe4 Nc5 18. Qg4 Bg5 19. Rd1 Qb6 20. b4 Na4 21. Bxg5 hxg5 22. Qxg5 Nb2 23. c5 Qc7 24. Rd4 f6 25. exf6 Rxf6 26. Rb1 Na4 27. Rbd1 Rf5 28. Qg6 Qf7 29. Rd8+ 1-0

[Event "Regionalliga SW 0708"]
[Site "Bayern"]
[Date "2008.02.17"]
[Round "6.2"]
[White "Kostic, Vladimir G"]
[Black "Wood, Christopher Baruch"]
[Result "0-1"]
[WhiteElo "2360"]
[BlackElo "2180"]
[PlyCount "146"]
[EventDate "2007.10.21"]
[EventType "team-tourn"]
[EventRounds "9"]
[EventCountry "GER"]
[SourceTitle "EXT 2009"]
[Source "ChessBase"]
[SourceDate "2008.11.26"]
[SourceVersion "1"]
[SourceVersionDate "2008.11.26"]
[SourceQuality "1"]
[WhiteTeam "Muenchen Suedost"]
[BlackTeam "Muenchen Tarrasch II"]
[WhiteTeamCountry "GER"]
[BlackTeamCountry "GER"]

1. d4 d5 2. c4 c6 3. Nf3 Nf6 4. Nc3 e6 5. e3 Nbd7 6. Qc2 Bd6 7. Bd2 0-0 8. Rd1 Qe7 9. a3 dxc4 10. Bxc4 e5 11. Ne4 Nxe4 12. Qxe4 Nf6 13. Qh4 Bg4 14. dxe5 Bxe5 15. Bc1 Rad8 16. 0-0 Rxd1 17. Rxd1 Rd8 18. Re1 Bxf3 19. gxf3 Qd7 20. f4 Bd6 21. Be2 Be7 22. Qg3 Ne4 23. Qg2 f5 24. Qh3 Qe6 25. f3 Nd2 26. Kh1 Nb3 27. e4 Nxc1 28. Rxc1 Qd6 29. Qxf5 Rf8 30. Bc4+ Kh8 31. Qe5 Qxe5 32. fxe5 g6 33. Kg2 Rd8 34. Rc2 Bg5 35. Kg3 Rd2 36. Rc3 Kg7 37. f4 Be7 38. f5 Bd8 39. Kf4 g5+ 40. Kf3 Rxh2 41. f6+ Kg6 42. Be6 Rd2 43. Ke3 Rg2 44. Kf3 Rd2 45. Bf5+ Kf7 46. Rb3 b6 47. Rc3 Bc7 48. e6+ Kxf6 49. Rxc6 Bd6 50. e7 Kxe7 51. e5 Bxe5 52. Bxh7 Rxb2 53. Bg8 Bf4 54. Rc3 Kd6 55. Rd3+ Kc5 56. Rd7 a6 57. Rd5+ Kc6 58. Rf5 Rd2 59. Ke4 b5 60. a4 Kb6 61. axb5 axb5 62. Bd5 Rd1 63. Rf6+ Ka5 64. Rf7 Kb4 65. Rb7 Kc5 66. Bf7 Rd4+ 67. Kf3 Kc6 68. Ra7 g4+ 69. Ke2 Rd2+ 70. Ke1 Kb6 71. Re7 g3 72. Bh5 Rd5 73. Rh7 g2 0-1

[Event "Regionalliga SW 0708"]
[Site "Bayern"]
[Date "2008.01.20"]
[Round "5.2"]
[White "Rogg, Gerhard"]
[Black "Wood, Christopher Baruch"]
[Result "1-0"]
[WhiteElo "2032"]
[BlackElo "2180"]
[PlyCount "51"]
[EventDate "2007.10.21"]
[EventType "team-tourn"]
[EventRounds "9"]
[EventCountry "GER"]
[SourceTitle "EXT 2009"]
[Source "ChessBase"]
[SourceDate "2008.11.26"]
[SourceVersion "1"]
[SourceVersionDate "2008.11.26"]
[SourceQuality "1"]
[WhiteTeam "Sonthofen"]
[BlackTeam "Muenchen Tarrasch II"]
[WhiteTeamCountry "GER"]
[BlackTeamCountry "GER"]

1. e4 e6 2. d4 d5 3. e5 c5 4. c3 Qb6 5. Nf3 Nc6 6. a3 c4 7. Qc2 Na5 8. Nbd2 Bd7 9. Be2 Be7 10. 0-0 0-0-0 11. Rb1 Nh6 12. b3 cxb3 13. Nxb3 Ba4 14. Nfd2 Nf5 15. Bd3 g6 16. Qa2 Nxb3 17. Nxb3 Bxb3 18. Rxb3 Qa5 19. Bd2 Rd7 20. Rfb1 Kb8 21. a4 Rc8 22. Qb2 Rcc7 23. Bb5 Rd8 24. c4 Qb6 25. c5 Bxc5 26. a5 1-0

[Event "Regionalliga SW 0708"]
[Site "Bayern"]
[Date "2007.10.21"]
[Round "1.2"]
[White "Hoy, Bernd"]
[Black "Wood, Christopher Baruch"]
[Result "1-0"]
[WhiteElo "2209"]
[BlackElo "2180"]
[PlyCount "37"]
[EventDate "2007.10.21"]
[EventType "team-tourn"]
[EventRounds "9"]
[EventCountry "GER"]
[SourceTitle "EXT 2009"]
[Source "ChessBase"]
[SourceDate "2008.11.26"]
[SourceVersion "1"]
[SourceVersionDate "2008.11.26"]
[SourceQuality "1"]
[WhiteTeam "Klosterlechfeld"]
[BlackTeam "Muenchen Tarrasch II"]
[WhiteTeamCountry "GER"]
[BlackTeamCountry "GER"]

1. d4 d5 2. Nf3 Nf6 3. g3 Bf5 4. Bg2 e6 5. 0-0 Nbd7 6. c4 c6 7. Qb3 Qb6 8. Bf4 dxc4 9. Qc3 Nd5 10. Qc1 Nxf4 11. gxf4 Bd6 12. Ne5 Bxe5 13. dxe5 g5 14. Nd2 gxf4 15. Nxc4 Qc5 16. Rd1 0-0-0 17. Nd6+ Kc7 18. Nxf7 Rhg8 19. Rxd7+ 1-0

[Event "Oberliga Bayern 0607"]
[Site "Bayern"]
[Date "2007.02.04"]
[Round "5.7"]
[White "Wood, Christopher Baruch"]
[Black "Wagner, Florian"]
[Result "0-1"]
[WhiteElo "2234"]
[BlackElo "2158"]
[PlyCount "78"]
[EventDate "2006.10.15"]
[EventType "team-tourn"]
[EventRounds "9"]
[EventCountry "GER"]
[SourceTitle "EXT 2008"]
[Source "ChessBase"]
[SourceDate "2007.11.25"]
[SourceVersion "1"]
[SourceVersionDate "2007.11.25"]
[SourceQuality "1"]
[WhiteTeam "Muenchen Tarrasch"]
[BlackTeam "Nuernberg NT"]
[WhiteTeamCountry "GER"]
[BlackTeamCountry "GER"]

1. e4 c5 2. Nf3 Nc6 3. d4 cxd4 4. Nxd4 Nf6 5. Nc3 e5 6. Ndb5 d6 7. Bg5 a6 8. Na3 b5 9. Nd5 Be7 10. Bxf6 Bxf6 11. c3 Bg5 12. Nc2 0-0 13. Bd3 Ne7 14. a4 Nxd5 15. exd5 bxa4 16. Rxa4 a5 17. 0-0 Bd7 18. Ra3 f5 19. Qe2 Qe8 20. b3 Bd8 21. b4 Bb6 22. Rfa1 e4 23. Bc4 f4 24. Nd4 f3 25. gxf3 Qg6+ 26. Kh1 exf3 27. Qf1 Rf4 28. Bd3 Qh5 29. Rxa5 Bxa5 30. Rxa5 Raf8 31. Ne6 Rh4 32. Qg1 Rg4 33. Bf1 Rxg1+ 34. Kxg1 Qg6+ 35. Kh1 Qb1 36. Kg1 Rf6 37. Ng5 Qg6 38. h4 h6 39. Ra8+ Rf8 0-1

[Event "Oberliga Bayern 0607"]
[Site "Bayern"]
[Date "2006.10.15"]
[Round "1.6"]
[White "Wood, Christopher Baruch"]
[Black "Wild, Rudolf"]
[Result "1/2-1/2"]
[WhiteElo "2234"]
[BlackElo "2192"]
[PlyCount "112"]
[EventDate "2006.10.15"]
[EventType "team-tourn"]
[EventRounds "9"]
[EventCountry "GER"]
[SourceTitle "EXT 2008"]
[Source "ChessBase"]
[SourceDate "2007.11.25"]
[SourceVersion "1"]
[SourceVersionDate "2007.11.25"]
[SourceQuality "1"]
[WhiteTeam "Muenchen Tarrasch"]
[BlackTeam "Krumbach"]
[WhiteTeamCountry "GER"]
[BlackTeamCountry "GER"]

1. e4 c5 2. Nf3 Nc6 3. d4 cxd4 4. Nxd4 Nf6 5. Nc3 e5 6. Ndb5 d6 7. a4 a6 8. Na3 Be6 9. Bc4 Be7 10. 0-0 0-0 11. Re1 Nb4 12. Nd5 Nbxd5 13. exd5 Bd7 14. c3 Re8 15. h3 g6 16. Bb3 Nh5 17. Nc4 a5 18. Be3 Ra6 19. Qd2 Kh8 20. Bd1 Ng7 21. Be2 Nf5 22. Bd3 Nxe3 23. Nxe3 Ra8 24. Bb5 Bg5 25. Qe2 Bxe3 26. Qxe3 Kg7 27. c4 Rc8 28. Rec1 Rc5 29. Bxd7 Qxd7 30. b3 Qc7 31. Re1 Qb6 32. Rad1 Qb4 33. Kh2 Rc7 34. Re2 f6 35. Rd3 b6 36. g4 Qc5 37. Qg3 Rf7 38. Rde3 Rfe7 39. Qh4 Rf7 40. Qg3 Ref8 41. f4 g5 42. f5 Rh8 43. Re4 Rff8 44. h4 h6 45. h5 Rc8 46. Qd3 Rb8 47. Kg2 Rhe8 48. Ra2 Rb7 49. Rae2 Qa3 50. Qb1 Ree7 51. Qb2 Qc5 52. Qd2 Ra7 53. Qc3 Kf7 54. Ra2 Rec7 55. Qd2 Rc8 56. Qd3 Qc7 1/2-1/2

[Event "Oberliga Bayern 0405"]
[Site "Bayern"]
[Date "2005.04.10"]
[Round "9.6"]
[White "Weigel, Robert"]
[Black "Wood, Christopher Baruch"]
[Result "0-1"]
[WhiteElo "2123"]
[BlackElo "2200"]
[PlyCount "79"]
[EventDate "2004.10.24"]
[EventType "team-tourn"]
[EventRounds "9"]
[EventCountry "GER"]
[SourceTitle "EXT 2020"]
[Source "ChessBase"]
[SourceDate "2019.10.17"]
[SourceVersion "1"]
[SourceVersionDate "2019.10.17"]
[SourceQuality "1"]
[WhiteTeam "Forchheim SC II"]
[BlackTeam "Muenchen Tarrasch"]
[WhiteTeamCountry "GER"]
[BlackTeamCountry "GER"]

1. c4 c6 2. d4 d5 3. Nf3 Nf6 4. Qc2 dxc4 5. Qxc4 Bf5 6. g3 e6 7. Bg2 Nbd7 8. 0-0 Bd6 9. Nc3 0-0 10. Nh4 Bg4 11. h3 Bh5 12. Qb3 Rb8 13. e4 e5 14. dxe5 Bxe5 15. Be3 Nb6 16. Nf5 Re8 17. Rfe1 Bg6 18. Rad1 Qc7 19. Bc5 Bxf5 20. exf5 Rbd8 21. a4 Nbd7 22. Be3 b6 23. Qc4 Nb8 24. b4 h6 25. Bf3 Rxd1 26. Rxd1 Bxg3 27. Kg2 Be5 28. b5 c5 29. a5 bxa5 30. Nd5 Nxd5 31. Qxd5 a6 32. bxa6 Nxa6 33. Qc6 Qxc6 34. Bxc6 Rb8 35. Rd5 Bd4 36. Bxd4 cxd4 37. Rxd4 Nb4 38. Ba4 Rb7 39. Rd8+ Kh7 40. Ra8 0-1

[Event "Oberliga Bayern 0405"]
[Site "Bayern"]
[Date "2005.01.16"]
[Round "5.5"]
[White "Wood, Christopher Baruch"]
[Black "Kunze, Holger"]
[Result "1-0"]
[WhiteElo "2200"]
[BlackElo "2233"]
[PlyCount "63"]
[EventDate "2004.10.24"]
[EventType "team-tourn"]
[EventRounds "9"]
[EventCountry "GER"]
[SourceTitle "EXT 2020"]
[Source "ChessBase"]
[SourceDate "2019.10.17"]
[SourceVersion "1"]
[SourceVersionDate "2019.10.17"]
[SourceQuality "1"]
[WhiteTeam "Muenchen Tarrasch"]
[BlackTeam "Muenchen 36"]
[WhiteTeamCountry "GER"]
[BlackTeamCountry "GER"]

1. e4 c6 2. d4 d5 3. Nc3 dxe4 4. Nxe4 Nf6 5. Nxf6+ gxf6 6. c3 Bf5 7. Ne2 h5 8. Ng3 Bg6 9. Bd3 Bxd3 10. Qxd3 e6 11. 0-0 h4 12. Ne4 h3 13. Bf4 f5 14. Ng5 Bd6 15. Bxd6 Qxg5 16. g3 Nd7 17. c4 Nb6 18. d5 Qg4 19. dxe6 0-0-0 20. c5 Nd5 21. exf7 Nf4 22. f3 Qg6 23. Qd2 Ne6 24. Qa5 a6 25. Rae1 Rd7 26. Qc3 Rdd8 27. Qe5 Ng5 28. Qe7 Rd7 29. f8Q+ Rxf8 30. Qxf8+ Rd8 31. Qe7 Rd7 32. Qe8+ 1-0

[Event "Oberliga Bayern 0405"]
[Site "Bayern"]
[Date "2004.12.12"]
[Round "4.5"]
[White "Pflug, Matthias"]
[Black "Wood, Christopher Baruch"]
[Result "0-1"]
[WhiteElo "2157"]
[BlackElo "2200"]
[PlyCount "43"]
[EventDate "2004.10.24"]
[EventType "team-tourn"]
[EventRounds "9"]
[EventCountry "GER"]
[SourceTitle "EXT 2020"]
[Source "ChessBase"]
[SourceDate "2019.10.17"]
[SourceVersion "1"]
[SourceVersionDate "2019.10.17"]
[SourceQuality "1"]
[WhiteTeam "Passau"]
[BlackTeam "Muenchen Tarrasch"]
[WhiteTeamCountry "GER"]
[BlackTeamCountry "GER"]

1. e4 e6 2. d4 d5 3. Nc3 Bb4 4. e5 c5 5. a3 Bxc3+ 6. bxc3 Ne7 7. Qg4 0-0 8. Nf3 Qa5 9. Bd2 Nbc6 10. Bd3 f5 11. exf6 Rxf6 12. Qh5 Nf5 13. 0-0 c4 14. Bxf5 Rxf5 15. Qh4 Bd7 16. Rfe1 Raf8 17. Ng5 h6 18. Nxe6 Bxe6 19. Rxe6 Rxf2 20. Rd1 Qa4 21. Qh5 Qxc2 22. Rg6 0-1